Famous -son Surnames Quiz Stats

 Plays Quiz Updated Sep 18, 2013

Challenge
Share
Tweet
Score 0/20 Timer 04:00
3 Plays Today
% Correct
Michael Jackson
99.5%
Mike Tyson
88.7%
Owen Wilson
88.7%
Jack Nicholson
84.9%
Magic Johnson
78.2%
Willie Nelson
77.3%
Jessica Simpson
74.1%
Emma Watson
72.2%
Thomas Jefferson
71.6%
Jim Henson
69.9%
% Correct
Robert Pattinson
67.3%
George Harrison
65.6%
Jackie Robinson
63%
Johnny Carson
62.7%
Jim Morrison
62.5%
Scarlett Johansson
57.4%
Florence Henderson
45.3%
James Madison
43.9%
Gillian Anderson
28.9%
Natasha Richardson
28.5%

You're not logged in!

Compare scores with friends on all Sporcle quizzes.
OR
Log In

You Might Also Like...

Show Comments

Extras

Top Quizzes Today


Score Distribution

Your Account Isn't Verified!

In order to create a playlist on Sporcle, you need to verify the email address you used during registration. Go to your Sporcle Settings to finish the process.

Report this User

Report this user for behavior that violates our Community Guidelines.

Details: